000 00651cam a2200241 4500
008 090401t1991 xxu||||| |||| 00| 0 eng d
020 _a1873628021
035 _a(Sirsi) u7960
041 _aeng
050 _a631.2
100 _aAstley-Cooper, Pat
245 _aFarm and rural buildings pocketbook.
260 _aStoneleigh, Warwickshire
_bFarm and Rural Buildings Centre
_c1991
300 _a210p. ; 21x10cm.
350 _a0
650 _aFARM BUILDINGS
690 _aRURAL PRACTICE
700 _aMartyn, Eoin
700 _aAllen-Jones, Peter
710 _aFarm and Rural Buildings Centre
_92333
942 _n0
948 _c04/03/1997
999 _c86463
_d86463